| 000 | 00543nam a22001697a 4500 | ||
|---|---|---|---|
| 005 | 20231108104642.0 | ||
| 008 | 231108b |||||||| |||| 00| 0 eng d | ||
| 020 | _a0409034215 | ||
| 041 | _aEnglish | ||
| 082 | _a346.3 ISA | ||
| 100 |
_aIsaacs, I _lEnglish |
||
| 245 |
_aIsaacs and Leveson: The Law of Collisions in South Africa 1983 Supplement / _cI Isaacs |
||
| 260 |
_aDurban : _bButterworth Publishers (Pty) Ltd, _c1983 |
||
| 300 |
_b29 cm. _c25 cm. |
||
| 650 |
_aLegal practice _bLaw |
||
| 942 |
_cBK _6ALISON_BN_VRIES |
||
| 999 |
_c421 _d421 |
||